[Event "Barcelona Primavera CE op"]
[Site "Barcelona"]
[Date "2021.04.24"]
[Round "1"]
[White "Roman Garcia, Isaac"]
[Black "Bernat, Ernest"]
[Result "1/2-1/2"]
[WhiteElo "1422"]
[BlackElo "1835"]
[PlyCount "43"]
[EventDate "2021.04.24"]
[EventType "swiss"]
[EventRounds "9"]
[EventCountry "ESP"]
[SourceTitle "EXT 2022"]
[Source "ChessBase"]
[SourceDate "2021.10.06"]
[SourceVersion "1"]
[SourceVersionDate "2021.10.06"]
[SourceQuality "1"]

1. e4 e6 2. d3 d5 3. Nd2 Nf6 4. Ngf3 Be7 5. g3 0-0 6. Bg2 c5 7. 0-0 Nc6 8. Re1 Qc7 9. e5 Nd7 10. Qe2 b6 11. Nf1 Bb7 12. Bf4 Rac8 13. h4 Nd4 14. Nxd4 cxd4 15. Rac1 b5 16. Qg4 Kh8 17. Nd2 Bb4 18. a3 Ba5 19. b4 Bb6 20. Nf3 Rfe8 21. Qh5 Nf8 22. Bh3 1/2-1/2

[Event "OP-2019-0-04840"]
[Site "LSS email"]
[Date "2019.09.07"]
[Round "?"]
[White "Bernat, Ernest"]
[Black "Astroukh, Vitalij"]
[Result "0-1"]
[WhiteElo "800"]
[BlackElo "2420"]
[PlyCount "106"]
[EventDate "2019.08.30"]
[EventType "tourn (corr)"]
[EventRounds "4"]
[EventCountry "GER"]
[SourceTitle "Corr 2022"]
[Source "ChessBase"]
[SourceDate "2021.10.24"]
[SourceVersion "1"]
[SourceVersionDate "2021.10.24"]
[SourceQuality "1"]

1. e4 g6 2. d4 Bg7 3. Nc3 d6 4. f4 Nf6 5. Nf3 0-0 6. Bd3 Nc6 7. 0-0 e5 8. fxe5 dxe5 9. d5 Ne7 10. h3 Ne8 11. Be3 f5 12. Qe2 f4 13. Bf2 h6 14. Na4 g5 15. Nh2 b6 16. c4 Nf6 17. c5 Ng6 18. Rad1 Kh8 19. Bb5 h5 20. d6 Be6 21. dxc7 Qxc7 22. cxb6 axb6 23. Nxb6 Rad8 24. Bc4 f3 25. Nxf3 Nf4 26. Qc2 Rxd1 27. Rxd1 Bxh3 28. gxh3 Nxh3+ 29. Kg2 Ng4 30. Bb3 Qxc2 31. Bxc2 Nhxf2 32. Re1 Nh3 33. Kg3 Nf4 34. a4 Nh6 35. a5 Bf6 36. Nd7 h4+ 37. Kh2 Rc8 38. Bd1 Bd8 39. Nb6 Rc1 40. Kh1 g4 41. Ba4 Rc5 42. b4 Rc3 43. Nxe5 Bc7 44. Nbc4 g3 45. Bd7 g2+ 46. Kg1 Kg7 47. b5 h3 48. b6 Bb8 49. Bxh3 Rxh3 50. Kf2 Kf6 51. Rg1 Bxe5 52. Nxe5 Kxe5 53. Rxg2 Nxg2 0-1

[Event "Barcelona Barri Gotic op 7th"]
[Site "Barcelona"]
[Date "2019.03.19"]
[Round "6.1"]
[White "Nadal Fajardo, Ricard"]
[Black "Bernat, Ernest"]
[Result "1-0"]
[WhiteElo "1932"]
[BlackElo "1880"]
[PlyCount "45"]
[EventDate "2019.02.12"]
[EventType "swiss"]
[EventRounds "9"]
[EventCountry "ESP"]
[SourceTitle "EXT 2024"]
[Source "ChessBase"]
[SourceDate "2023.10.10"]
[SourceVersion "1"]
[SourceVersionDate "2023.10.10"]
[SourceQuality "1"]

1. d4 e6 2. Nc3 d5 3. e4 dxe4 4. Nxe4 Nd7 5. Nf3 Ngf6 6. Bd3 Nxe4 7. Bxe4 Nf6 8. Bd3 Be7 9. 0-0 0-0 10. Bg5 b6 11. Qe2 Bb7 12. Rad1 Qc8 13. Ne5 h6 14. Bh4 Nd5 15. Bxe7 Nxe7 16. Be4 Bxe4 17. Qxe4 Nd5 18. c4 Nf6 19. Qh4 Qb7 20. Rd3 Qe4 21. Qxe4 Nxe4 22. Re1 Nf6 23. Nc6 1-0

[Event "Barcelona Barri Gotic op 7th"]
[Site "Barcelona"]
[Date "2019.03.12"]
[Round "5.1"]
[White "Villar Reymundo, Juan Antonio"]
[Black "Bernat, Ernest"]
[Result "1/2-1/2"]
[WhiteElo "2250"]
[BlackElo "1880"]
[PlyCount "65"]
[EventDate "2019.02.12"]
[EventType "swiss"]
[EventRounds "9"]
[EventCountry "ESP"]
[SourceTitle "EXT 2024"]
[Source "ChessBase"]
[SourceDate "2023.10.10"]
[SourceVersion "1"]
[SourceVersionDate "2023.10.10"]
[SourceQuality "1"]

1. Nf3 e6 2. c4 f5 3. g3 Nf6 4. Bg2 d5 5. 0-0 c6 6. d3 Be7 7. Nc3 dxc4 8. dxc4 Qxd1 9. Rxd1 Nbd7 10. Nd4 Kf7 11. e4 Nb6 12. exf5 exf5 13. b3 a5 14. Be3 Bd8 15. Nxc6 bxc6 16. Rxd8 Rxd8 17. Bxb6 Rd3 18. Na4 Nd7 19. Bxc6 Nxb6 20. Nxb6 Rb8 21. Na4 Rd2 22. Nc5 Rb6 23. Bd5+ Kf8 24. a3 Ke7 25. b4 axb4 26. axb4 Rxb4 27. Ra8 Rb1+ 28. Kg2 Rbb2 29. Kf3 Rxf2+ 30. Ke3 f4+ 31. gxf4 Bf5 32. Ra7+ Kf6 33. Ra6+ 1/2-1/2

[Event "Barcelona Sant Marti op-A 20th"]
[Site "Barcelona"]
[Date "2018.07.15"]
[Round "3"]
[White "Bernat, Ernest"]
[Black "Anustoop, Biswas"]
[Result "0-1"]
[WhiteElo "1880"]
[BlackElo "2052"]
[PlyCount "140"]
[EventDate "2018.07.13"]
[EventType "swiss"]
[EventRounds "9"]
[EventCountry "ESP"]
[SourceTitle "CBM 185 Extra"]
[Source "ChessBase"]
[SourceDate "2018.07.29"]
[SourceVersion "1"]
[SourceVersionDate "2018.07.29"]
[SourceQuality "1"]

1. e4 e6 2. d4 d5 3. Nd2 c5 4. exd5 Qxd5 5. Ngf3 cxd4 6. Bc4 Qd7 7. 0-0 Nf6 8. Nb3 Nc6 9. Nbxd4 Nxd4 10. Nxd4 a6 11. Re1 Bc5 12. c3 b5 13. Bb3 Bb7 14. a4 0-0 15. Be3 Bd6 16. axb5 axb5 17. Qe2 b4 18. c4 e5 19. Nb5 Qc6 20. f3 Bc5 21. Bxc5 Qxc5+ 22. Qf2 Nd7 23. Qxc5 Nxc5 24. Bc2 b3 25. Rxa8 Rxa8 26. Bb1 f6 27. Rd1 Na4 28. Rd3 Nc5 29. Rd1 Bc6 30. Nc3 Na4 31. Nxa4 Rxa4 32. Rc1 g6 33. Be4 Bxe4 34. fxe4 Ra2 35. Rb1 Kf7 36. Kf2 Ke6 37. Ke3 Kd6 38. Kd3 Kc5 39. Kc3 Ra4 40. Kxb3 Rb4+ 41. Kc3 Rxc4+ 42. Kd3 f5 43. exf5 gxf5 44. Ra1 Rd4+ 45. Ke3 Rb4 46. Rc1+ Kd5 47. Rd1+ Ke6 48. Rd2 Rb3+ 49. Ke2 f4 50. Kd1 Kf5 51. Kc2 Rb7 52. h3 h5 53. b3 Rc7+ 54. Kb2 e4 55. Rd5+ Ke6 56. Rd2 e3 57. Re2 h4 58. Rc2 Rxc2+ 59. Kxc2 Kd5 60. Kd3 Kc5 61. Kc3 Kb5 62. Kd3 Ka5 63. Kc3 Ka6 64. Kc2 Kb6 65. Kd3 Kb5 66. Kc3 Kc5 67. Kd3 Kd5 68. b4 Kc6 69. Kc2 Kb5 70. Kc3 Ka4 0-1